Kimberly Davis Charting Songs (Billboard Hot Dance) - Statistics

General Stats
  • This quiz has been taken 9 times
  • The average score is 4 of 5
Answer Stats
Album Weeks On Peak Artist(s) Song % Correct
Non-Album Single 3 Weeks #41 The Shapeshifters ft. Kimberly Davis Life is a Dancefloor
100%
Non-Album Single 5 Weeks #33 Nile Rodgers & Tony Moran Present Kimberly Davis My Fire
100%
Non-Album Single 9 Weeks #28 Tony Moran ft. Kimberly Davis You're Good for Me
100%
Non-Album Single 2 Weeks #46 Robert Clivilles ft. Kimberly Davis Set Me Free
50%
Non-Album Single 6 Weeks #29 Kimberly Davis With You
0%
No matching quizzes found
Score Distribution
Percent of People with Each Score
Percentile by Number Answered
Your Score History
You have not taken this quiz